00775nam a22001817a 4500003000400000020002200004082001600026100002100042245004700063260003300110300000800143650001400151942001200165952013300177952013300310952013300443999001700576SGT a978-81-939988-8-5 a707.71bLAK aLAKHYANI SUSMITA aPROMOTING CREATIVITY THROUGH ART EDUCATION aKANISHKA PUB NEW DELHIc2020 a240 aEDUCATION 2ddccBK 00102ddc4070aFEbFEd2022-08-08eA B C PVT LTDg800.00iSGTUo707.71 LAKpED4981r2022-08-08 00:00:00w2022-07-27yBKk14817 00102ddc4070aFEbFEd2022-08-08eA B C PVT LTDg800.00iSGTUo707.71 LAKpED4982r2022-08-08 00:00:00w2022-07-27yBKk14817 00102ddc4070aFEbFEd2022-08-08eA B C PVT LTDg800.00iSGTUo707.71 LAKpED4983r2022-08-08 00:00:00w2022-07-27yBKk14817 c23119d23119